| 000 | 00505nam a22001937a 4500 | ||
|---|---|---|---|
| 003 | OSt | ||
| 005 | 20151029114135.0 | ||
| 008 | 130311t xxu||||| |||| 00| 0 eng d | ||
| 020 | _a9780521008266 | ||
| 050 |
_aPR 2823 _b.Sh527 2002 |
||
| 082 |
_aIB 822.33T5 _bSi1sg 2002 |
||
| 100 | _aSidall, Stephen | ||
| 245 |
_aShakespeare macbeth _cWiiliam Shakespeare |
||
| 260 |
_aNew York _bCambridge University Press _c2002 |
||
| 300 |
_a128 p. _c20 cm. |
||
| 562 | _e1 | ||
| 942 |
_2lcc _cBK |
||
| 999 |
_c2317 _d2317 |
||